[Event "URS-ch57"]
[Site "Leningrad"]
[Date "1990.??.??"]
[Round "?"]
[White "Vyzmanavin, Alexey"]
[Black "Smirin, Ilia"]
[Result "1-0"]
[WhiteElo "2585"]
[BlackElo "2555"]
[Annotator "Schussler,H"]
[PlyCount "109"]
[EventDate "1990.10.??"]
[EventType "tourn"]
[EventRounds "13"]
[EventCountry "URS"]
[EventCategory "14"]
[SourceTitle "URS-ch"]
[Source "ChessBase"]
[SourceDate "1999.07.01"]
[SourceVersion "1"]
[SourceVersionDate "1999.07.01"]
[SourceQuality "1"]

1. d4 Nf6 2. c4 e6 3. Nf3 b6 4. g3 Ba6 5. b3 d5 6. cxd5 exd5 7. Bg2 Bb4+ 8. Bd2
Bxd2+ 9. Qxd2 O-O 10. Nc3 Re8 11. Ne5 Nbd7 {Not a succesful experiment. White
wins a pawn.} 12. Nc6 Qc8 13. e3 Nb8 14. Nxd5 Nxd5 15. Bxd5 Bb7 16. Qc2 Nxc6
17. Bxc6 Bxc6 18. Qxc6 Qa6 19. Qc4 Qxc4 20. bxc4 c5 21. d5 a6 22. Ke2 b5 23.
Rhc1 Re5 24. cxb5 Rxd5 25. b6 Rb8 26. Rab1 Kf8 27. a4 Ke7 28. a5 Kd6 29. Rc4 f5
30. f3 Kc6 31. e4 fxe4 32. Rxe4 Rb7 33. Ke3 Rd6 34. Re8 Rbd7 35. Rc8+ Kb7 36.
Rxc5 Re6+ 37. Kf4 Rf6+ 38. Ke4 Re7+ 39. Re5 Rxe5+ 40. Kxe5 Rxf3 41. Rc1 Re3+
42. Kd4 Re7 43. Rc5 Rf7 44. h4 (44. Rc7+ $2 Rxc7 45. bxc7 Kxc7 46. Kc5 h5 $1)
44... Kb8 45. Re5 Kb7 46. Kc5 g6 47. Kd6 Rf3 48. Re7+ Kb8 49. Rxh7 Rxg3 50. Ra7
g5 51. h5 g4 52. Rxa6 Rd3+ 53. Ke5 g3 54. Ra7 Ra3 55. Kd6 {55. - g2 56.Tg7
Txa5 57.Kc6 + -} 1-0

[Event "URS-ch U26"]
[Site "Minsk"]
[Date "1990.??.??"]
[Round "?"]
[White "Magomedov, Magaram"]
[Black "Anastasian, Ashot"]
[Result "0-1"]
[WhiteElo "2360"]
[BlackElo "2490"]
[Annotator "Schussler,H"]
[PlyCount "160"]
[EventDate "1990.01.??"]
[EventType "tourn"]
[EventRounds "13"]
[EventCountry "URS"]
[EventCategory "10"]
[SourceTitle "CBM 017"]
[Source "ChessBase"]
[SourceDate "1990.08.01"]
[SourceVersion "1"]
[SourceVersionDate "1990.08.01"]
[SourceQuality "1"]

1. d4 Nf6 2. Nf3 e6 3. c4 b6 4. g3 Ba6 5. Qc2 c6 {5. - Bb7 intending 6. - c5
is supposed to equalize.} 6. e4 d5 7. cxd5 Bxf1 8. Kxf1 cxd5 9. e5 Ne4 10. Nbd2
Nxd2+ 11. Bxd2 Nd7 12. Rc1 Be7 13. Kg2 O-O 14. Qc7 Qc8 15. b4 Rd8 16. b5 Ba3
17. Rc3 Qxc7 18. Rxc7 h6 19. Rb1 a6 20. bxa6 Rxa6 21. Ne1 Be7 22. Rb2 Ba3 23.
Rbc2 Ra4 24. Nf3 b5 25. Rb7 Rc4 26. Rxc4 bxc4 27. Ra7 Bb2 28. Ba5 Rc8 29. Rxd7
c3 30. Rb7 c2 31. Bd2 c1=Q 32. Bxc1 Bxc1 33. Kf1 g5 34. Ke2 g4 35. Ne1 Bg5 36.
Rb2 Ra8 37. f3 gxf3+ 38. Nxf3 f6 39. Kd1 fxe5 40. dxe5 Ra4 41. Ne1 Kf7 42. Nd3
Kg6 43. Kc2 Ra3 44. Nb4 Kf5 45. Rb3 Ra8 46. h4 Be7 47. Nc6 Bc5 48. Rc3 Bb6 49.
Kb3 d4 50. Rc4 Ke4 51. a4 Kd5 52. g4 Bc5 53. Nb4+ Bxb4 54. Rxb4 Kxe5 55. Rb6
Rc8 56. Rb7 Kd6 57. Rb6+ Kd5 58. Rb7 e5 59. a5 Ra8 60. Rb5+ Ke4 61. Kc2 Kf4 62.
Rd5 Ra6 63. h5 Rc6+ 64. Kd2 Rc4 65. a6 Ra4 66. Rd6 e4 67. Rxh6 Ra2+ 68. Kc1 e3
69. Kb1 e2 70. Re6 d3 71. Kxa2 d2 72. a7 d1=Q 73. a8=Q Qc2+ 74. Ka3 Qc3+ 75.
Ka2 Qc4+ 76. Kb1 Qb3+ 77. Kc1 Qxe6 78. Qb8+ Kf3 79. Qb7+ Kf2 80. Qa7+ Qe3+ 0-1

[Event "Lvov zt"]
[Site "Lvov"]
[Date "1990.??.??"]
[Round "?"]
[White "Chernin, Alexander"]
[Black "Aseev, Konstantin N"]
[Result "1/2-1/2"]
[WhiteElo "2600"]
[BlackElo "2545"]
[Annotator "Schussler,H"]
[PlyCount "56"]
[EventDate "1990.02.??"]
[EventType "swiss"]
[EventRounds "9"]
[EventCountry "URS"]
[SourceTitle "CBM 018"]
[Source "ChessBase"]
[SourceDate "1990.10.01"]
[SourceVersion "1"]
[SourceVersionDate "1990.10.01"]
[SourceQuality "1"]

1. d4 Nf6 2. c4 e6 3. Nf3 b6 4. g3 Ba6 5. b3 Bb4+ 6. Bd2 Be7 7. Bg2 d5 8. cxd5
exd5 9. Nc3 O-O 10. O-O Bb7 11. Qc2 Na6 12. Rfd1 Qc8 13. Bg5 Rd8 14. Nh4 (14.
Ne5 c5 15. Rac1 h6 16. Bxf6 Bxf6 17. e3 {Eingorn-Aseev, Lvov (zt) 1990.}) 14...
g6 15. Bf3 c6 16. Ng2 Qd7 17. Nf4 Nc7 18. Bg2 Kg7 19. h4 h6 20. Bh3 Qe8 21.
Bxf6+ Bxf6 22. e3 Bc8 23. Bxc8 Raxc8 24. Rac1 Ne6 25. Ng2 Nc7 26. Nf4 Be7 27.
Qe2 Bd6 28. Qf3 Qe7 1/2-1/2

[Event "Lvov zt"]
[Site "Lvov"]
[Date "1990.??.??"]
[Round "?"]
[White "Dokhoian, Yury"]
[Black "Romanishin, Oleg M"]
[Result "1-0"]
[WhiteElo "2540"]
[BlackElo "2525"]
[Annotator "Schussler,H"]
[PlyCount "80"]
[EventDate "1990.02.??"]
[EventType "swiss"]
[EventRounds "9"]
[EventCountry "URS"]
[SourceTitle "CBM 018"]
[Source "ChessBase"]
[SourceDate "1990.10.01"]
[SourceVersion "1"]
[SourceVersionDate "1990.10.01"]
[SourceQuality "1"]

1. d4 Nf6 2. c4 e6 3. Nf3 b6 4. g3 Ba6 5. b3 Bb7 6. Bg2 Bb4+ 7. Bd2 c5 8. O-O
O-O 9. dxc5 bxc5 10. Nc3 d5 11. cxd5 exd5 12. Na4 {12.Ne5!?} Bxd2 13. Nxd2 {
White`s opening-play makes a good impression. He combines an attack against c5
with the preparation of the thrust e2-e4.} Qe7 14. Re1 $1 Nbd7 15. e4 dxe4 16.
Nc3 Ne5 17. Ndxe4 Rad8 18. Qc2 Ba6 19. Ng5 Bd3 20. Qb2 Nfg4 21. f4 c4 22. Na4
a5 23. Rxe5 Nxe5 24. Qxe5 Qb4 25. Qc3 Rfe8 26. Qxb4 axb4 27. bxc4 f6 28. Bd5+
Rxd5 29. cxd5 fxg5 30. Nc5 Bf5 31. d6 gxf4 32. gxf4 Ra8 33. Rd1 Rxa2 34. d7
Bxd7 35. Rxd7 Rc2 36. Ne6 Rc6 37. Rxg7+ Kh8 38. Re7 h6 39. f5 b3 40. Rb7 Rc1+
1-0

[Event "URS-ch58"]
[Site "Moscow"]
[Date "1991.??.??"]
[Round "8"]
[White "Vyzmanavin, Alexey"]
[Black "Aseev, Konstantin N"]
[Result "1-0"]
[WhiteElo "2590"]
[BlackElo "2525"]
[Annotator "Schussler,H"]
[PlyCount "73"]
[EventDate "1991.11.??"]
[EventType "swiss"]
[EventRounds "11"]
[EventCountry "URS"]
[SourceTitle "URS-ch"]
[Source "ChessBase"]
[SourceDate "1999.07.01"]
[SourceVersion "1"]
[SourceVersionDate "1999.07.01"]
[SourceQuality "1"]

1. d4 Nf6 2. c4 e6 3. Nf3 b6 4. g3 Ba6 5. Qa4 c5 6. Bg2 Bb7 7. dxc5 Bxc5 8. O-O
O-O 9. Nc3 Be7 10. Rd1 (10. Bf4 Na6 11. Rad1 (11. Rac1 Nc5 12. Qc2 Qc8 13. Rfd1
Nce4 $10 {Dlugy,M-Adorjan,A, New York 1984}) 11... Nc5 12. Qc2 Qc8 13. Nb5 Nce4
14. Nfd4 a6 15. Nc7 Ra7 16. f3 g5 $1 $15 {Dlugy,M-Browne,W, USA 1984}) 10...
Na6 11. Bf4 (11. Be3 Nc5 (11... Qc8 12. Rac1 Nc5 13. Qc2 Nce4 14. Bd4 $14 {
Karpov,A-Ehlvest,J, SkellefteÅ 1989}) 12. Bxc5 bxc5 13. Ne5 Bxg2 14. Kxg2 Qb8
15. Nxd7 Nxd7 16. Rxd7 Qxb2 17. Rb1 Qxc3 18. Rxe7 {+/= / = Polugajevski,
L-Hellers,F, Haninge 1990.}) 11... Nc5 12. Qc2 Nce4 {12. - Qc8} 13. Ne5 $5 Nxc3
14. Bxb7 Nxd1 (14... Rb8 $2 15. Qxc3 Rxb7 16. Nc6 Qe8 17. Nxe7+ Qxe7 18. Bd6
$18) 15. Rxd1 Rb8 16. Nc6 dxc6 17. Rxd8 Rbxd8 18. Bxc6 Bd6 19. Bd2 $1 $14 Rc8
20. Qa4 Rc7 21. b4 Rfc8 22. Bb5 Ne4 23. Be1 Be5 24. Ba6 Rd8 25. Kg2 Nf6 26. c5
bxc5 27. Qa5 Ne8 28. bxc5 Rb8 29. c6 $16 Bd4 30. Qa4 Bb6 31. Bc3 Rd8 32. Be5
Nd6 33. Qg4 f5 34. Qg5 Rf7 35. Qf4 Ne8 36. Bc4 Re7 37. Qxf5 1-0

[Event "Amsterdam Euwe Memorial"]
[Site "Amsterdam"]
[Date "1992.??.??"]
[Round "?"]
[White "Timman, Jan H"]
[Black "Seirawan, Yasser"]
[Result "1/2-1/2"]
[WhiteElo "2620"]
[BlackElo "2600"]
[Annotator "Schussler,H"]
[PlyCount "88"]
[EventDate "1992.05.??"]
[EventType "tourn"]
[EventRounds "6"]
[EventCountry "NED"]
[EventCategory "16"]
[SourceTitle "CBM 030"]
[Source "ChessBase"]
[SourceDate "1992.10.01"]
[SourceVersion "1"]
[SourceVersionDate "1992.10.01"]
[SourceQuality "1"]

1. d4 Nf6 2. c4 e6 3. Nf3 b6 4. g3 Ba6 5. Qa4 Bb7 6. Bg2 c5 7. dxc5 Bxc5 8. O-O
O-O 9. Nc3 Na6 10. Bf4 Be7 11. Rfd1 Nc5 12. Qc2 Nce4 $2 {12. - Qc8! +/=/=} 13.
Ne5 $1 Nxc3 14. Bxb7 Nxd1 15. Rxd1 Rb8 $5 (15... d5 16. cxd5 exd5 17. Nc6 Qd7
18. Bxa8 Rxa8 19. Nxe7+ Qxe7 20. Bg5 $16) (15... Rc8 $6 16. Bxc8 Qxc8 17. Qa4
$1 $18) 16. Nc6 dxc6 17. Rxd8 Rbxd8 18. Qa4 Bd6 19. Bxc6 (19. Bg5 Bb8 20. Bxc6
$16) 19... Bxf4 20. gxf4 a5 $6 {20. - Rc8 and 21. - Rc7 =} 21. c5 $16 bxc5 (
21... Rb8 22. cxb6 Rxb6 23. b3 Rc8 24. Bf3 Rc5 25. Qd4 Rc1+ 26. Kg2 Rb8 27. Qa7
$18 {(Timman)}) 22. Qxa5 h6 23. Qxc5 Rd2 24. Qc3 $1 Rxe2 $5 25. Bf3 (25. Kf1
Ne4 $1 26. Qd3 (26. Qd4 Rxf2+ 27. Ke1 Rxf4 28. Bxe4 f5 $17) 26... Rxf2+ 27. Ke1
f5 $10) 25... Nd5 26. Qc1 Nxf4 27. Qxf4 Rxb2 $16 28. a4 Rc8 29. Qd4 Ra2 30. Bb7
$2 {30.h4 +/- (Seirawan)} Rc1+ 31. Kg2 g6 32. Ba6 Raa1 33. Bb7 Rg1+ 34. Kh3
Rad1 35. Qb6 Rg5 36. a5 Rd3+ 37. f3 Rd2 38. a6 (38. f4 $2 Rd3+ 39. Kh4 Rh5+ 40.
Kg4 f5#) 38... e5 39. Qe3 $1 Rh5+ 40. Kg3 Rg5+ {40. - Rhxh2?! 41.f4!} 41. Qxg5
hxg5 42. a7 Ra2 43. a8=Q+ Rxa8 44. Bxa8 f5 1/2-1/2

[Event "Vienna op"]
[Site "Vienna"]
[Date "1990.??.??"]
[Round "8"]
[White "Sjoberg, Mats"]
[Black "Petursson, Margeir"]
[Result "0-1"]
[WhiteElo "2365"]
[BlackElo "2550"]
[Annotator "Schussler,H"]
[PlyCount "40"]
[EventDate "1990.10.??"]
[EventType "swiss"]
[EventRounds "9"]
[EventCountry "AUT"]
[SourceTitle "CBM 021"]
[Source "ChessBase"]
[SourceDate "1991.04.01"]
[SourceVersion "1"]
[SourceVersionDate "1991.04.01"]
[SourceQuality "1"]

1. d4 Nf6 2. c4 e6 3. Nf3 b6 4. g3 Ba6 5. Qc2 c5 6. Bg2 Nc6 7. dxc5 bxc5 8. O-O
Rc8 9. Bf4 Be7 10. Rd1 O-O 11. b3 d5 12. cxd5 {12.Sc3!?} Nxd5 13. Qe4 $2 Bf6
14. Ne5 Nxf4 $1 $19 15. Rxd8 Nxe2+ 16. Kh1 Rfxd8 17. Nxc6 Rd1+ 18. Bf1 Rxf1+
19. Kg2 Rg1+ 20. Kh3 {20.Kf3 Txc6 - +} h5 {Black threatens 21. - Sf4+ followed
by 22. - Lf1+.} 0-1

[Event "Candidates m6"]
[Site "Sarajevo"]
[Date "1991.??.??"]
[Round "7"]
[White "Timman, Jan H"]
[Black "Huebner, Robert"]
[Result "1/2-1/2"]
[WhiteElo "2630"]
[BlackElo "2620"]
[Annotator "Schussler,H"]
[PlyCount "89"]
[EventDate "1991.01.??"]
[EventType "match"]
[EventRounds "7"]
[EventCountry "BIH"]
[SourceTitle "Candidates"]
[Source "ChessBase"]
[SourceDate "1999.07.01"]
[SourceVersion "2"]
[SourceVersionDate "1999.07.01"]
[SourceQuality "1"]

1. d4 Nf6 2. c4 e6 3. Nf3 b6 4. g3 Ba6 5. b3 Bb4+ 6. Bd2 Be7 7. Bg2 c6 8. Bc3
d5 9. Ne5 Nfd7 10. Nxd7 Nxd7 11. Nd2 O-O 12. O-O b5 13. Re1 bxc4 14. bxc4 Nb6 (
14... f5 15. Rb1 Qc8 16. Ba5 {16.Bb4 + =} Nf6 17. Qa4 Ne4 $13 {Dzandzgava,
L-Ivanov,A, Philadelphia 1990}) 15. c5 Nc4 16. e4 Nxd2 17. Qxd2 dxe4 18. Bxe4
Qd7 19. Rab1 Rab8 20. Qc2 g6 $10 21. Rxb8 Rxb8 22. Rb1 Rb7 23. Rxb7 Qxb7 24.
Qb3 Qb5 25. Qxb5 Bxb5 26. Bc2 Kf8 27. a4 Bc4 28. Be4 Bd5 29. Bxd5 exd5 30. Kg2
h5 31. h3 Kg7 32. Bd2 Kf6 33. g4 Ke6 34. f4 Bf6 35. Bc3 Kd7 36. Kf3 Kc8 37. Ke3
Bd8 38. Kd3 Kb7 39. Bd2 Ka6 40. Be1 Ba5 41. Bc3 Bc7 42. Bd2 f5 43. gxf5 gxf5
44. Kc2 Bd8 45. Be1 1/2-1/2

[Event "London WFW"]
[Site "London"]
[Date "1990.??.??"]
[Round "?"]
[White "Frias Pablaza, Victor J"]
[Black "Chandler, Murray G"]
[Result "1/2-1/2"]
[WhiteElo "2500"]
[BlackElo "2585"]
[Annotator "Schussler,H"]
[PlyCount "82"]
[EventDate "1990.04.??"]
[EventType "tourn"]
[EventRounds "13"]
[EventCountry "ENG"]
[EventCategory "11"]
[SourceTitle "CBM 018"]
[Source "ChessBase"]
[SourceDate "1990.10.01"]
[SourceVersion "1"]
[SourceVersionDate "1990.10.01"]
[SourceQuality "1"]

1. d4 Nf6 2. c4 e6 3. Nf3 b6 4. g3 Ba6 5. b3 Bb7 6. Bg2 Bb4+ 7. Bd2 c5 8. O-O
O-O 9. Bc3 d5 10. cxd5 (10. Ne5 Nc6 11. Nxc6 Bxc6 12. e3 Bxc3 13. Nxc3 Rc8 $10)
10... exd5 11. Bb2 Ne4 12. dxc5 {More direct and logical than 12.a3 followed
by 13.Nfd2 as in the Ehlvest- Chandler game. Frias achieves a small advantage.
He gets the bishop-pair and a nice square on d4.} (12. a3 Ba5 13. Nfd2 f5 $13 {
Ehlvest-Chandler, Luzern 1989}) 12... bxc5 13. a3 Ba5 14. b4 Bb6 15. Nc3 cxb4
16. axb4 Na6 17. Nd4 Qd7 18. Na4 Rfc8 19. b5 Nac5 20. Nxb6 axb6 21. e3 Rxa1 22.
Bxa1 Nf6 23. Qf3 Nce4 24. Nf5 d4 25. Nxd4 Rc5 26. Qf4 h6 27. h4 Nd6 28. Bc6
Bxc6 29. bxc6 Qe7 30. Qf3 Nfe4 31. Qg4 Nf6 32. Qh3 Qe4 33. Nb3 Rxc6 34. Bxf6
gxf6 35. Nd4 Rc5 36. Qg2 f5 37. Ra1 Ra5 38. Qf1 Rxa1 39. Qxa1 Qb7 40. Qb2 b5
41. Qb4 Qd5 1/2-1/2

[Event "Interzonal-15"]
[Site "Manila"]
[Date "1990.??.??"]
[Round "8"]
[White "Lputian, Smbat G"]
[Black "Portisch, Lajos"]
[Result "1/2-1/2"]
[WhiteElo "2575"]
[BlackElo "2590"]
[Annotator "Schussler,H"]
[PlyCount "100"]
[EventDate "1990.06.29"]
[EventType "swiss"]
[EventRounds "13"]
[EventCountry "PHI"]
[SourceTitle "CBM 019"]
[Source "ChessBase"]
[SourceDate "1990.12.01"]
[SourceVersion "1"]
[SourceVersionDate "1990.12.01"]
[SourceQuality "1"]

1. d4 Nf6 2. c4 e6 3. Nf3 b6 4. g3 Ba6 5. b3 Bb4+ 6. Bd2 Be7 7. Bg2 c6 8. Bc3
d5 9. Ne5 O-O 10. Nd2 Nfd7 11. Nd3 $1 $14 Nf6 12. e4 Nbd7 13. O-O Rc8 14. Re1 (
14. Nf4 b5 $5 15. Re1 dxc4 16. bxc4 bxc4 17. Bf1 Nb6 $13) 14... c5 15. exd5
exd5 16. dxc5 bxc5 (16... Nxc5 17. Nb4 Bb7 18. cxd5 $16) (16... dxc4 17. Nb4
Nxc5 18. Nxa6 Nxa6 19. Bb7 $16) 17. Qe2 (17. Qc2 $142 $1 d4 18. Bb2 {/\ b4+/=})
17... Re8 18. Bxd5 (18. cxd5 $2 Nb6 $44) 18... Nxd5 19. cxd5 Nf6 20. Bxf6 Bxf6
21. Qxe8+ Qxe8 22. Rxe8+ Rxe8 23. Re1 Rxe1+ 24. Nxe1 Bc3 25. Nef3 Bd3 (25...
Bb7 26. d6 Kf8 27. Kf1 Ke8 28. Ke2 Ba6+ 29. Nc4 $14) 26. d6 Kf8 27. Nc4 f6 28.
Nfd2 Ke8 (28... Kf7 29. Kg2 Ke6 30. Kf3 Bxd2 31. Nxd2 Kxd6 32. Ke3 Bb5 33. g4
$5 Kd5 34. Ne4 c4 $6 35. b4 $16) 29. Kg2 Be2 $6 (29... Kd7 $14) 30. Ne4 Bd4 31.
Ne3 Bd3 32. Kf3 g6 $1 (32... Bb1 33. Nf5 Bxa2 34. Nxd4 cxd4 35. Nd2 $16) 33.
Nd5 $2 (33. g4 $1 $14) 33... Bxe4+ 34. Kxe4 f5+ $6 (34... Kd7 35. Nc7 Kc6 $10)
35. Kf4 Kd7 36. Kg5 Kxd6 37. Ne3 (37. Nf6 Ke6 38. Nxh7 Kf7 39. Kf4 Bxf2 40.
Ng5+ Kf6 41. Nf3 Bd4 $1 $10) 37... Bg7 38. h4 Ke5 (38... Ke6 $6 39. h5 Kf7 40.
hxg6+ hxg6 41. Nd5 Bd4 42. f3 $14) 39. Nc4+ (39. h5 $2 gxh5 $15) 39... Ke4 40.
h5 gxh5 41. Nd6+ (41. f4 $6 h4 $1 42. gxh4 Bf8 43. h5 Be7+ 44. Kh6 Kxf4 $15 {
Ambarcumian,A}) 41... Kf3 42. Nxf5 Bc3 43. Kxh5 Bd2 44. Nd6 Be1 45. g4 Bxf2 46.
g5 Ke2 47. Kh6 Be3 48. Nf7 Kd3 49. Kxh7 Bxg5 50. Nxg5 c4 1/2-1/2

[Event "Candidates m2"]
[Site "Riga"]
[Date "1991.??.??"]
[Round "3"]
[White "Ivanchuk, Vassily"]
[Black "Yudasin, Leonid"]
[Result "1-0"]
[WhiteElo "2695"]
[BlackElo "2645"]
[Annotator "Schussler,H"]
[PlyCount "55"]
[EventDate "1991.01.??"]
[EventType "match"]
[EventRounds "5"]
[EventCountry "LAT"]
[SourceTitle "Candidates"]
[Source "ChessBase"]
[SourceDate "1999.07.01"]
[SourceVersion "2"]
[SourceVersionDate "1999.07.01"]
[SourceQuality "1"]

1. d4 Nf6 2. c4 e6 3. Nf3 b6 4. g3 Ba6 5. b3 d5 6. Bg2 dxc4 7. Ne5 Bb4+ 8. Kf1
Nfd7 9. Nxc4 c6 10. Bb2 b5 (10... O-O 11. Nbd2 b5 12. Ne3 Bb7 13. Qc2 $14 {
Karpov,A-Timman, J (cm, 8) Kuala Lumpur 1990.}) 11. Ncd2 $5 {11.Ne3 + =} Bb7
12. Nc3 Qb6 13. Nce4 O-O 14. a3 Be7 15. b4 a5 16. Nc5 Rd8 17. Bf3 axb4 18. axb4
Na6 19. Qb3 $16 e5 20. Nxb7 Qxb7 21. dxe5 Nb6 22. Ne4 Nd5 23. Kg2 Bxb4 24. Rac1
Qb6 25. Qc2 Rac8 26. Ng5 $18 g6 27. e6 fxe6 28. Qe4 1-0

[Event "Aruba"]
[Site "Aruba"]
[Date "1992.??.??"]
[Round "8"]
[White "Granda Zuniga, Julio E"]
[Black "Sax, Gyula"]
[Result "1/2-1/2"]
[WhiteElo "2615"]
[BlackElo "2600"]
[Annotator "Schussler,H"]
[PlyCount "50"]
[EventDate "1992.03.??"]
[EventType "tourn"]
[EventRounds "9"]
[EventCountry "NAU"]
[EventCategory "11"]
[SourceTitle "CBM 030"]
[Source "ChessBase"]
[SourceDate "1992.10.01"]
[SourceVersion "1"]
[SourceVersionDate "1992.10.01"]
[SourceQuality "1"]

1. d4 Nf6 2. Nf3 e6 3. c4 b6 4. g3 Ba6 5. b3 Bb4+ 6. Bd2 Be7 7. Bg2 c6 8. O-O (
8. Bc3 d5 9. Ne5 Nfd7 10. Nxd7 Nxd7 11. Nd2 O-O 12. O-O Rc8 13. e4 c5 14. exd5
exd5 15. dxc5 dxc4 16. c6 cxb3 17. Re1 Bb5 18. axb3 a5 $5 {Alterman,B-Chernin,
A, Beersheba 1992. CBM 30 game 177. 18. - Lxc6 19.Lxc6 Txc6 20.Txa7 Lf6! +/=/=.
} 19. Rc1 Nc5 20. Qg4 g6 $13) 8... d5 9. Bc3 Nbd7 10. Nbd2 O-O 11. Re1 c5 12.
Rc1 (12. e4 dxc4 13. Nxc4 Bb7 14. Qc2 $5 {14.Dd3 Tc8 - Karpov,An-Polugajevski,
Reggio Emilia 1991/92.} Rc8 15. a4 a6 16. dxc5 Bxc5 17. Rad1 Qe7 $10 {
Brenninkkeijer,J-Van der Wiel,Jm NLD-ch 1992, CBM 30 game 20.}) 12... Rc8 13.
Bb2 b5 14. cxd5 Nxd5 15. dxc5 Nxc5 16. a3 Bb7 $10 17. Bd4 a5 18. Rc2 Nf6 19.
Qb1 Nce4 20. Rxc8 Qxc8 21. Nxe4 Bxe4 22. Qb2 Qb7 23. Rc1 Rc8 24. Rxc8+ Qxc8 25.
Ne1 Bxg2 1/2-1/2

[Event "Beersheba"]
[Site "Beersheba"]
[Date "1991.??.??"]
[Round "?"]
[White "Pinter, Jozsef"]
[Black "Alterman, Boris"]
[Result "1-0"]
[WhiteElo "2565"]
[BlackElo "2465"]
[Annotator "Schussler,H"]
[PlyCount "254"]
[EventDate "1991.07.??"]
[EventType "tourn"]
[EventRounds "10"]
[EventCountry "ISR"]
[EventCategory "11"]
[SourceTitle "CBM 025"]
[Source "ChessBase"]
[SourceDate "1991.12.01"]
[SourceVersion "1"]
[SourceVersionDate "1991.12.01"]
[SourceQuality "1"]

1. d4 Nf6 2. c4 e6 3. Nf3 b6 4. g3 Ba6 5. b3 Bb4+ 6. Bd2 Be7 7. Nc3 d5 8. cxd5
Nxd5 9. Nxd5 exd5 10. Bg2 O-O 11. O-O Nd7 12. Rc1 Re8 13. Re1 Bb7 14. Be3 a5
15. Qc2 Ba3 16. Rb1 Bd6 17. Rec1 c5 18. Bh3 Ba6 19. Qb2 Nf6 20. Rc2 Ne4 21. Bg2
Qe7 22. Rd1 Bb7 23. Ne1 Rac8 24. Nd3 a4 25. Nf4 axb3 26. axb3 Bxf4 27. Bxf4
cxd4 28. Rxc8 Rxc8 29. Rxd4 h6 30. Be3 Qf6 31. Bf3 Nd6 32. Rd2 Qxb2 33. Rxb2 b5
34. Ra2 Ne4 35. Ra7 Bc6 36. Bg4 Ra8 37. Rxa8+ Bxa8 38. b4 Bc6 39. Bd4 g6 40. f3
f5 41. Bh3 Ng5 42. Bg2 Ne6 43. Be5 d4 44. Kf2 Bd5 45. Bf1 Bc4 46. f4 Kf7 47.
Ke1 h5 48. Bg2 Ke7 49. Bc6 Nd8 50. Bf3 Ne6 51. h3 Kf7 52. Kd2 Ke7 53. Ke1 Kf7
54. Kf2 Ke7 55. g4 hxg4 56. hxg4 Bb3 57. Ke1 Kd7 58. Kd2 Ba2 59. gxf5 gxf5 60.
Bh5 Bd5 61. Ke1 Be4 62. Kf2 Bd5 63. Kg3 Be4 64. Kh4 Ke7 65. Kg3 Bd5 66. Kf2 Kd7
67. e3 dxe3+ 68. Kxe3 Be4 69. Kf2 Bd3 70. Bf3 Nf8 71. Kg3 Ng6 72. Bc3 Bc4 73.
Bf6 Ke6 74. Bd4 Kd7 75. Bc5 Bf7 76. Bd1 Bd5 77. Bh5 Bf7 78. Kf2 Ne5 79. Be2
Ng4+ 80. Kg3 Bc4 81. Bf3 Nf6 82. Kh4 Ne4 83. Be3 Bf7 84. Be2 Kc6 85. Bf1 Be8
86. Bh3 Bg6 87. Ba7 Kb7 88. Bd4 Kc6 89. Bg7 Kd5 90. Bf1 Kc6 91. Bd3 Bf7 92. Bc2
Kd7 93. Kh3 Bc4 94. Kg2 Be2 95. Bb3 Ke7 96. Bd5 Bc4 97. Bc6 Nf6 98. Bxf6+ Kxf6
99. Bb7 Bd3 100. Kf2 Ke7 101. Bc8 Kd6 102. Ke3 Be4 103. Kd4 Kc7 104. Be6 Kd6
105. Bf7 Bc6 106. Bh5 Bd5 107. Bd1 Bb7 108. Bb3 Be4 109. Bd1 Bb7 110. Be2 Bc6
111. Bf1 Be8 112. Bg2 Bf7 113. Bf3 Be8 114. Bd5 Bd7 115. Bg8 Bc6 116. Bh7 Bd7
117. Bg6 Be6 118. Kd3 Bd7 119. Bh5 Be6 120. Kc3 Kd5 121. Bf3+ Kd6 122. Kd4 Bf7
123. Bg2 Be8 124. Bb7 Bd7 125. Bd5 Be8 126. Bb3 Bd7 127. Bd1 Be6 {128.Be2 Bd7
129.Bd3 + -} 1-0

[Event "Reggio Emilia-A 9192 34th"]
[Site "Reggio Emilia"]
[Date "1992.??.??"]
[Round "7"]
[White "Karpov, Anatoly"]
[Black "Polugaevsky, Lev"]
[Result "1/2-1/2"]
[WhiteElo "2730"]
[BlackElo "2630"]
[Annotator "Schussler,H"]
[PlyCount "46"]
[EventDate "1991.12.??"]
[EventType "tourn"]
[EventRounds "9"]
[EventCountry "ITA"]
[EventCategory "18"]
[SourceTitle "CBM 027"]
[Source "ChessBase"]
[SourceDate "1992.04.01"]
[SourceVersion "1"]
[SourceVersionDate "1992.04.01"]
[SourceQuality "1"]

1. d4 Nf6 2. c4 e6 3. Nf3 b6 4. g3 Ba6 5. b3 Bb4+ 6. Bd2 Be7 7. Bg2 c6 8. Bc3
d5 9. Nbd2 Nbd7 10. O-O O-O 11. Re1 (11. Bb2 Rc8 12. Rc1 c5 13. Rc2 b5 $5 $10 {
Portisch,L-Farago,I (CBM 27 game 421)}) 11... c5 12. e4 dxc4 (12... Nxe4 13.
Nxe4 dxe4 14. Rxe4 Bf6 15. Re3 Bb7 16. Ne5 $5 Bxg2 17. Kxg2 cxd4 18. Bxd4 Nxe5
19. Bxe5 Bxe5 20. Rxe5 Qc7 $10 {Horvath,Jo-Portisch,L (CBM 27 game 404)}) 13.
Nxc4 Bb7 14. Qd3 (14. Nfe5 cxd4 15. Nxd7 Qxd7 16. Qxd4 Qxd4 17. Bxd4 Rfd8 18.
Bb2 Bb4 19. Re2 b5 20. Na3 a6 21. Nc2 Bc5 22. e5 Bxg2 23. Kxg2 $10 {Kanstler,
B-Lerner,K (CBM 27 game 629)}) (14. Qc2 Rc8 15. Rad1 b5 $5 16. Na5 Bxe4 17.
Rxe4 b4 18. dxc5 Nxe4 19. Bxb4 Nexc5 20. Nd4 Na6 21. Bxe7 Qxe7 22. Ndc6 Qe8 23.
Qd2 Ndb8 $15 {Neverov,V-Lerner,K (CBM 27 game 741)}) 14... Rc8 15. Rad1 b5 16.
Ba5 Qe8 17. Ncd2 cxd4 18. e5 Nc5 19. Qxd4 Nd5 $10 20. b4 $5 Na6 21. a3 Qd7 22.
Qxa7 Nc5 23. Ne4 Nxe4 {24.Rxe4 Bc5 25.bxc5 Ra8 26.c6 Qxc6 =} 1/2-1/2

[Event "Munich SKA"]
[Site "Munich"]
[Date "1991.05.06"]
[Round "3"]
[White "Hertneck, Gerald"]
[Black "Yudasin, Leonid"]
[Result "1/2-1/2"]
[WhiteElo "2535"]
[BlackElo "2645"]
[Annotator "Schussler,H"]
[PlyCount "118"]
[EventDate "1991.05.04"]
[EventType "tourn"]
[EventRounds "13"]
[EventCountry "GER"]
[EventCategory "14"]
[SourceTitle "CBM 023"]
[Source "ChessBase"]
[SourceDate "1991.08.01"]
[SourceVersion "1"]
[SourceVersionDate "1991.08.01"]
[SourceQuality "1"]

1. d4 Nf6 2. Nf3 e6 3. c4 b6 4. g3 Ba6 5. b3 d5 6. Bg2 dxc4 7. Ne5 Bb4+ 8. Kf1
Nfd7 9. Nxc4 c6 10. Bb2 b5 (10... O-O 11. Nbd2 b5 12. Ne3 Bb7 13. Qc2 Qb6 $14 {
Karpov-Timman, (m/8), Malaysia 1990.}) 11. Ncd2 O-O 12. a3 Be7 13. b4 $14 Nb6
14. Qc2 Na4 15. Nb3 Nxb2 16. Qxb2 e5 $1 17. d5 {17.dxe5?? Qd1 mate, 17.e3!?}
cxd5 18. Nc3 Nc6 19. Nxd5 Bd6 20. Rd1 Rc8 21. Bh3 Rb8 22. Kg2 Bb7 23. e4 Ne7
24. Rhe1 Nxd5 25. exd5 Qb6 26. Kg1 Rbd8 27. Na5 $14 f5 28. Qb3 Kh8 29. Qe3 Qa6
30. Bf1 f4 31. Qe2 Qb6 32. Nxb7 fxg3 33. hxg3 Qxb7 34. Qxb5 Qf7 35. Qe2 Bc7 36.
Bg2 Bb6 37. Rf1 Rd6 38. Be4 Rf6 39. Kg2 Bxf2 40. Rd3 Qd7 41. Rf3 Rxf3 42. Bxf3
Bd4 43. Be4 Rxf1 44. Qxf1 Kg8 45. Qc4 g6 46. d6+ Kf8 47. Qc7 Qf7 48. d7 Qf2+
49. Kh3 Qf1+ 50. Bg2 Qf5+ 51. g4 Qd3+ 52. Kh2 Bb6 53. Qxe5 Qxd7 54. Qh8+ Ke7
55. Qxh7+ Kd8 56. Qg8+ Qe8 57. Qd5+ Qd7 58. Qxd7+ Kxd7 59. Kg3 g5 1/2-1/2